000 00776nam a2200277 i 4500
001 C2-0230243
003 PPAK
005 20180728160748.0
008 001028s1998 my a|||| ||||| | may d
020 _a9839418114
040 _aPPAK
_beng
_cPPAK
_erda
082 0 4 _a363.7392
_223
090 0 0 _a363.7392
_bCOS
_dK
090 0 0 _a363.7392
_bCOS
_dRK
100 1 _aCosta-Pau, Rosa,
_eauthor
245 1 0 _aMenjaga kebersihan udara
264 1 _aJohor Bahru, Johor :
_bPelangi ,
_c1998
300 _a31 pages :
_bcolour illustrations ;
_c26 cm
336 _2rdacontent
_atext
337 _2rdamedia
_aunmediated
338 _2rdacarrier
_avolume
490 1 _aPustaka ekologi junior
650 1 0 _aAir - Pollution
830 0 _aPustaka ekologi junior
942 _ddc
_cB
999 _c149733
_d149733